Cuentos de monte y río
Kaydedildi:
| Yazar: | |
|---|---|
| Materyal Türü: | Kitap |
| Dil: | İspanyolca |
| Baskı/Yayın Bilgisi: |
Buenos Aires
Kapelusz
1994
|
| Seri Bilgileri: | Grandes obras de la literatura universal
|
| Konular: | |
| Etiketler: |
Etiketle
Etiket eklenmemiş, İlk siz ekleyin!
|
MARC
| LEADER | 00000nam a2200000 a 4500 | ||
|---|---|---|---|
| 001 | UCH6652 | ||
| 003 | CL-VaPUC | ||
| 008 | 091109e19940000AG |||||||||||||||||spa|d | ||
| 020 | |a 9501323110 | ||
| 082 | 0 | 4 | |a Ur863 |b QUI |2 21 |
| 100 | |a Quiroga, Horacio |e author |9 371721 | ||
| 245 | 1 | 0 | |a Cuentos de monte y río |
| 300 | |a 166 p | ||
| 942 | |c BK | ||
| 945 | |d 20091109 00:00:00 |a lazolas | ||
| 260 | |a Buenos Aires |b Kapelusz |c 1994 | ||
| 650 | 0 | |a Cuentos uruguayos |9 265136 | |
| 583 | |a last modification |c 20091109 00:00:00 |k Rodrigo Vera | ||
| 490 | 0 | |a Grandes obras de la literatura universal | |
| 999 | |c 337501 |d 337499 | ||